[Event "2017 Seattle Chess Classic"]
[Site "?"]
[Date "????.??.??"]
[Round "4"]
[White "Taylor, Thomas"]
[Black "Deshpande, Aaryan"]
[Result "1-0"]
[WhiteElo "1648"]
[BlackElo "1983"]
[PlyCount "51"]
[EventDate "2017.08.30"]

1. c4 Nf6 2. g3 g6 3. Bg2 Bg7 4. Nc3 O-O 5. e4 d6 6. Nge2 Nbd7 7. O-O e5 8. h3
Nc5 9. d3 a5 10. Kh2 Ne8 11. f4 f5 12. Be3 c6 13. fxe5 Ne6 14. exd6 Qxd6 15. d4
c5 16. Nb5 Qb8 17. d5 Nd4 18. Bf4 Be5 19. Nbxd4 cxd4 20. Bxe5 Qxe5 21. Qxd4
Qxd4 22. Nxd4 fxe4 23. Rxf8+ Kxf8 24. Bxe4 Ra6 25. Rf1+ Ke7 26. c5 1-0

[Event "2017 Seattle Chess Classic"]
[Site "?"]
[Date "????.??.??"]
[Round "4"]
[White "Mukumbya, Benjamin"]
[Black "Velea, Anne-Marie"]
[Result "1/2-1/2"]
[WhiteElo "2028"]
[BlackElo "1774"]
[PlyCount "103"]
[EventDate "2017.08.30"]

1. e4 c5 2. Nc3 Nc6 3. Nge2 g6 4. g3 Bg7 5. Bg2 e6 6. d3 Nge7 7. Be3 Nd4 8. Qd2
d6 9. O-O O-O 10. Nd1 Rb8 11. Nxd4 cxd4 12. Bh6 b5 13. h4 Bb7 14. f3 Re8 15.
Bxg7 Kxg7 16. h5 Nc6 17. Kh2 f6 18. Nf2 g5 19. f4 h6 20. fxg5 fxg5 21. Kh1 Rf8
22. Nh3 Qe7 23. Ng1 Rxf1 24. Rxf1 Rf8 25. Rf3 Rf6 26. Qf2 Qf7 27. Bh3 a6 28. a3
Rxf3 29. Qxf3 Ne5 30. Qxf7+ Kxf7 31. Ne2 g4 32. Bg2 Nc6 33. Nf4 e5 34. Ng6 Ne7
35. Nh4 Kf6 36. Kg1 Kg5 37. c3 Kxh5 38. cxd4 exd4 39. Kf2 Kg5 40. Ke2 d5 41.
Kd2 Kf6 42. Kc2 Ke5 43. Nf5 Nxf5 44. exf5 Kxf5 45. Kd2 h5 46. Ke2 Kg5 47. b4 h4
48. Kf2 hxg3+ 49. Kxg3 Ba8 50. Bf1 Bb7 51. Bg2 Ba8 52. Bf1 1/2-1/2

[Event "2017 Seattle Chess Classic"]
[Site "?"]
[Date "????.??.??"]
[Round "4"]
[White "Whale, Nicholas"]
[Black "Perez, Ignacio"]
[Result "0-1"]
[WhiteElo "1547"]
[BlackElo "2220"]
[PlyCount "42"]
[EventDate "2017.08.30"]

1. e4 d6 2. d4 Nf6 3. Nc3 g6 4. f4 c6 5. Nf3 Bg7 6. e5 Nd5 7. Nxd5 cxd5 8. Bb5+
Nd7 9. exd6 Qa5+ 10. Bd2 Qxb5 11. dxe7 Kxe7 12. a4 Qa6 13. Bb4+ Ke8 14. Qd2 Nf6
15. O-O-O Ne4 16. Rhe1 Qxa4 17. Ba3 Bf5 18. Ng5 Kd7 19. Qe3 Rac8 20. Re2 Rhe8
21. Nxf7 Nd6 0-1

[Event "2017 Seattle Chess Classic"]
[Site "?"]
[Date "????.??.??"]
[Round "4"]
[White "Toppen-Ryan, Harrison"]
[Black "Hotani, Kabir"]
[Result "1/2-1/2"]
[WhiteElo "1446"]
[BlackElo "1068"]
[PlyCount "54"]
[EventDate "2017.08.30"]

1. c4 Nf6 2. g3 e5 3. Bg2 Nc6 4. d3 b6 5. Nc3 Bb7 6. e4 Bb4 7. Nge2 Nd4 8. O-O
O-O 9. a3 Bxc3 10. bxc3 Nc6 11. h3 d6 12. f4 Qd7 13. f5 Ne7 14. g4 c6 15. Ng3
d5 16. g5 Ne8 17. f6 Nc8 18. fxg7 Nxg7 19. Nh5 Nxh5 20. Qxh5 dxc4 21. dxc4 Qd3
22. Rf6 c5 23. Qh4 Ne7 24. Rh6 Ng6 25. Qh5 Rad8 26. Bd2 Qxd2 27. Rxh7 Bxe4
1/2-1/2

[Event "2017 Seattle Chess Classic"]
[Site "?"]
[Date "????.??.??"]
[Round "3"]
[White "Deshpande, Aaryan"]
[Black "Kaufman, Ray"]
[Result "0-1"]
[WhiteElo "1983"]
[BlackElo "2330"]
[PlyCount "33"]
[EventDate "2017.08.30"]

1. e4 c5 2. Nf3 e6 3. c3 Nf6 4. e5 Nd5 5. d4 cxd4 6. cxd4 d6 7. Nc3 Nxc3 8.
bxc3 Qc7 9. Bd2 Nd7 10. exd6 Bxd6 11. Be2 O-O 12. O-O b6 13. h3 Bb7 14. a4 Rac8
15. Qc2 Nf6 16. a5 Bf4 17. Qb2 0-1

[Event "2017 Seattle Chess Classic"]
[Site "?"]
[Date "????.??.??"]
[Round "3"]
[White "Zhang, Derek"]
[Black "He, Daniel"]
[Result "1/2-1/2"]
[WhiteElo "2175"]
[BlackElo "2294"]
[PlyCount "46"]
[EventDate "2017.08.30"]

1. Nf3 Nf6 2. c4 g6 3. Nc3 Bg7 4. e4 d6 5. d4 O-O 6. h3 e5 7. d5 Nh5 8. a3 f5
9. c5 h6 10. cxd6 cxd6 11. Be3 Nf6 12. Bd3 a6 13. b4 b6 14. Qc2 f4 15. Bd2 Nbd7
16. a4 Bb7 17. a5 b5 18. O-O-O Rf7 19. Kb1 Nf8 20. Qb3 Kh8 21. Ne2 Rc7 22. g3
g5 23. g4 N6h7 1/2-1/2

[Event "2017 Seattle Chess Classic"]
[Site "?"]
[Date "????.??.??"]
[Round "3"]
[White "Su, Michael"]
[Black "Duleba, Krzysztof"]
[Result "1-0"]
[WhiteElo "1974"]
[BlackElo "1821"]
[PlyCount "99"]
[EventDate "2017.08.30"]

1. e4 c5 2. d3 Nc6 3. f4 g6 4. Nf3 Bg7 5. Be2 d6 6. O-O e5 7. c3 Nge7 8. Qe1
O-O 9. Qh4 d5 10. fxe5 Nxe5 11. Nxe5 Bxe5 12. Bh6 Bg7 13. Bg5 f6 14. Rxf6 Bxf6
15. Bxf6 Rf7 16. Nd2 Qf8 17. Rf1 Nf5 18. exf5 Rxf6 19. fxg6 Rxf1+ 20. Nxf1 hxg6
21. Qg5 Qf7 22. Qd8+ Kg7 23. Bf3 Qd7 24. Qg5 b6 25. Ng3 Kh7 26. Bxd5 Bb7 27.
Ne4 Kg7 28. Qe5+ Kh6 29. Qf4+ Kg7 30. Qf6+ Kh6 31. Qg5+ Kg7 32. Nf6 Qc7 33.
Nh5+ Kh7 34. Nf4 Bxd5 35. Qxg6+ Kh8 36. Nxd5 Qg7 37. Qh5+ Qh7 38. Qe5+ Qg7 39.
Qe4 Rf8 40. Ne7 Rf6 41. Nf5 Qg5 42. g4 Qc1+ 43. Kg2 Qxb2+ 44. Kh3 Qxa2 45. g5
Re6 46. Qa8+ Kh7 47. Qb7+ Kg6 48. Nh4+ Kh5 49. Qh7+ Kxg5 50. Qg7+ 1-0

[Event "2017 Seattle Chess Classic"]
[Site "?"]
[Date "????.??.??"]
[Round "3"]
[White "Feng, Roland"]
[Black "Tsogtsaikhan, Saikhanchimeg"]
[Result "1-0"]
[WhiteElo "2471"]
[BlackElo "2184"]
[PlyCount "118"]
[EventDate "2017.08.30"]

1. d4 Nf6 2. c4 e6 3. Nc3 Bb4 4. Qc2 b6 5. a3 Bxc3+ 6. Qxc3 Ne4 7. Qc2 f5 8.
Nf3 Bb7 9. e3 d6 10. Bd3 O-O 11. b4 Nd7 12. Bb2 Qe8 13. O-O Ndf6 14. Nd2 Nxd2
15. Qxd2 Ne4 16. Qc2 Qh5 17. f3 Ng5 18. d5 Rae8 19. e4 f4 20. c5 e5 21. cxd6
cxd6 22. Qc7 Bc8 23. Bb5 Rd8 24. Qxa7 Rf6 25. Rf2 Rh6 26. Kf1 Qxh2 27. Qe7 Rf8
28. Qxg5 Rhf6 29. g4 Qg3 30. Rc1 Rg6 31. Qe7 Bxg4 32. fxg4 Qh3+ 33. Ke1 Qh1+
34. Kd2 Qxe4 35. Re2 Qxd5+ 36. Bd3 f3 37. Re4 Re6 38. Qc7 b5 39. Qc6 Qb3 40.
Qc2 Qd5 41. Rf1 f2 42. Ke2 Rh6 43. Re3 Qg2 44. Bf5 Rh1 45. Rxf2 Qxg4+ 46. Bxg4
Rxf2+ 47. Kxf2 Rh2+ 48. Kg3 Rxc2 49. Re2 Rc7 50. Rd2 Rc6 51. Bd7 Rb6 52. Be6+
Kf8 53. Rf2+ Ke8 54. Bf7+ Kf8 55. Bd5+ Ke8 56. Rf7 g6 57. Rxh7 Kf8 58. Kg4 e4
59. Bf6 Ke8 1-0

[Event "2017 Seattle Chess Classic"]
[Site "?"]
[Date "????.??.??"]
[Round "3"]
[White "Kaelin, Alex"]
[Black "Li, Melina"]
[Result "0-1"]
[WhiteElo "1528"]
[BlackElo "1552"]
[PlyCount "59"]
[EventDate "2017.08.30"]

1. e4 e6 2. d4 d5 3. Nd2 Nf6 4. e5 Nfd7 5. Bd3 c5 6. c3 Nc6 7. Ne2 cxd4 8. cxd4
f6 9. exf6 Qxf6 10. Nf3 h6 11. O-O Bd6 12. a3 O-O 13. b4 e5 14. dxe5 Ndxe5 15.
Nxe5 Nxe5 16. Ra2 Qh4 17. Ng3 Ng4 18. h3 Nxf2 19. Raxf2 Rxf2 20. Rxf2 Qxg3 21.
Kf1 Bd7 22. Qb3 Be6 23. Be3 a6 24. Bc5 Qe5 25. Re2 Qf4+ 26. Rf2 Qc1+ 27. Ke2
Bxc5 28. bxc5 Re8 29. Kf3 Qxc5 30. Rd2 0-1

[Event "2017 Seattle Chess Classic"]
[Site "?"]
[Date "????.??.??"]
[Round "3"]
[White "Norovsambu, Badamkhand"]
[Black "Doknjas, Joshua"]
[Result "0-1"]
[WhiteElo "2120"]
[BlackElo "2223"]
[PlyCount "120"]
[EventDate "2017.08.30"]

1. d4 d5 2. c4 c6 3. Nc3 Nf6 4. Nf3 dxc4 5. a4 Bf5 6. e3 e6 7. Bxc4 Bb4 8. O-O
O-O 9. Qe2 Bg4 10. h3 Bh5 11. Na2 Ba5 12. b4 Bc7 13. Rd1 Nbd7 14. e4 Qe7 15.
Bg5 h6 16. Bh4 e5 17. d5 cxd5 18. Bxd5 g5 19. Bg3 Nxd5 20. Rxd5 Nb6 21. Rd2
Nxa4 22. Qb5 Bxf3 23. gxf3 Nb6 24. Rad1 Qe6 25. Kg2 Rac8 26. Nc3 a6 27. Qe2 Qc4
28. Qxc4 Nxc4 29. Rd7 Nb6 30. R7d3 f6 31. Bh2 Rfd8 32. f4 exf4 33. f3 Rxd3 34.
Rxd3 Be5 35. Bg1 Rxc3 36. Rd8+ Kf7 37. Bxb6 Rc2+ 38. Kg1 Kg6 39. Bc5 a5 40.
Rg8+ Kh7 41. Rd8 axb4 42. Bxb4 b6 43. Bf8 Kg6 44. Bb4 Rb2 45. Be1 b5 46. Rg8+
Kh7 47. Rd8 b4 48. h4 Rb1 49. Kf2 Bc3 50. Bxc3 bxc3 51. Rc8 Rb2+ 52. Ke1 c2 53.
h5 Rb1+ 54. Kd2 c1=Q+ 55. Rxc1 Rxc1 56. Kxc1 Kg7 57. Kc2 f5 58. exf5 Kf6 59.
Kd3 Kxf5 60. Kd4 g4 0-1

[Event "2017 Seattle Chess Classic"]
[Site "?"]
[Date "????.??.??"]
[Round "3"]
[White "Tu, Robin"]
[Black "Mayer, Jacob"]
[Result "0-1"]
[WhiteElo "1679"]
[BlackElo "1778"]
[Annotator "jvict_000"]
[PlyCount "73"]
[EventDate "2017.08.30"]

1. e4 c5 2. Nc3 e6 3. Bc4 a6 4. a4 Nc6 5. f4 Nge7 6. Nf3 d5 7. exd5 exd5 8. Ba2
g6 9. Qe2 Nb4 10. O-O Nxa2 11. Rxa2 Bg7 12. b3 O-O 13. Bb2 b6 14. Re1 Nc6 15.
Nd1 d4 16. d3 Bg4 17. c3 dxc3 18. Bxc3 Bxc3 19. Nxc3 Bxf3 20. Qxf3 Qd4+ 21. Kf1
Qxc3 22. Qxc6 Qxd3+ 23. Kg1 Qxb3 24. Rae2 Rac8 25. Qd7 Rcd8 26. Qc6 Rd1 27. Re8
Rxe1+ 28. Rxe1 Qb2 29. g3 Qd4+ 30. Kf1 c4 31. Re4 Qd3+ 32. Kf2 c3 33. Rc4 Qc2+
34. Kf3 Qd1+ 35. Kg2 Rd8 36. Kh3 h5 37. Kg2 0-1

[Event "2017 Seattle Chess Classic"]
[Site "?"]
[Date "????.??.??"]
[Round "3"]
[White "Kuhner, Mary"]
[Black "Raffel, Brian"]
[Result "1-0"]
[WhiteElo "1960"]
[BlackElo "1403"]
[PlyCount "89"]
[EventDate "2017.08.30"]

1. e4 c5 2. Nf3 d6 3. c3 Nf6 4. h3 Nc6 5. Bd3 Qc7 6. Bc2 d5 7. d3 dxe4 8. dxe4
e6 9. O-O Bd7 10. Re1 e5 11. Nbd2 b5 12. a4 Na5 13. Qe2 Rb8 14. axb5 c4 15.
Nxe5 Bxb5 16. Nef3 Nh5 17. Nd4 Nf4 18. Qf3 Nc6 19. Nxb5 Rxb5 20. Nxc4 Ne6 21.
Ba4 Rc5 22. b3 Be7 23. Be3 O-O 24. Bxc5 Bxc5 25. Bxc6 Qxc6 26. Ne5 Qb7 27. b4
Bd6 28. Nc4 Bc7 29. Qe3 a6 30. Na5 Qa8 31. Red1 Bf4 32. Qe2 Nc7 33. Rd7 Nb5 34.
Qd3 Be5 35. Rd1 h6 36. Rd8 Qxd8 37. Qxd8 Rxd8 38. Rxd8+ Kh7 39. c4 Nc3 40. Nc6
Bf6 41. Ra8 Nxe4 42. Rxa6 Nd6 43. Na5 Ne4 44. Rxf6 gxf6 45. b5 1-0

[Event "2017 Seattle Chess Classic"]
[Site "?"]
[Date "????.??.??"]
[Round "3"]
[White "Perez, Ignacio"]
[Black "Zhang, Brendan"]
[Result "0-1"]
[WhiteElo "2220"]
[BlackElo "2094"]
[PlyCount "56"]
[EventDate "2017.08.30"]

1. d4 Nf6 2. Nf3 e6 3. Bg5 d5 4. e3 Be7 5. Bxf6 Bxf6 6. Bd3 O-O 7. h4 g6 8. h5
Nc6 9. hxg6 fxg6 10. c4 Nb4 11. Be2 c5 12. Nc3 cxd4 13. exd4 Nc6 14. Qd2 a6 15.
Qh6 Rf7 16. O-O-O b5 17. cxd5 exd5 18. Bd3 Nxd4 19. Bxg6 hxg6 20. Nxd5 Qxd5 21.
Qxg6+ Kf8 22. Nxd4 Qc5+ 23. Kb1 Bxd4 24. Qh6+ Bg7 25. Rd8+ Ke7 26. Qh4+ Bf6 27.
Qe4+ Kxd8 28. Qxa8 Kc7 0-1

[Event "2017 Seattle Chess Classic"]
[Site "?"]
[Date "????.??.??"]
[Round "3"]
[White "Sohal, Tanraj"]
[Black "McCormick, Cale"]
[Result "1/2-1/2"]
[WhiteElo "2314"]
[BlackElo "2202"]
[PlyCount "47"]
[EventDate "2017.08.30"]

1. d4 d5 2. c4 e6 3. Nc3 c6 4. Qb3 e5 5. dxe5 d4 6. Ne4 Qa5+ 7. Nd2 Qxe5 8.
Ngf3 Qd6 9. e3 dxe3 10. Qxe3+ Qe6 11. Ne4 Bb4+ 12. Bd2 Bxd2+ 13. Nfxd2 Ne7 14.
O-O-O f5 15. Nc3 Qxe3 16. fxe3 O-O 17. Nf3 c5 18. Bd3 Nbc6 19. e4 f4 20. h3 Ng6
21. Nd5 Nge5 22. Be2 Nxf3 23. Bxf3 Rb8 24. Rdf1 1/2-1/2

[Event "2017 Seattle Chess Classic"]
[Site "?"]
[Date "????.??.??"]
[Round "2"]
[White "Shubin, Daniel"]
[Black "Vijayakumar, Advaith"]
[Result "1/2-1/2"]
[WhiteElo "1916"]
[BlackElo "1758"]
[PlyCount "109"]
[EventDate "2017.09.06"]
[SourceDate "2017.09.06"]
[SourceVersionDate "2017.09.06"]

1. e4 e6 2. d4 d5 3. exd5 exd5 4. Bd3 Nc6 5. Ne2 Bd6 6. c3 Nge7 7. O-O O-O 8.
Bf4 Re8 9. Qc2 Ng6 10. Bxd6 Qxd6 11. h3 h6 12. Nd2 Nf4 13. Nxf4 Qxf4 14. Rfe1
Ne7 15. Nf1 c6 16. Ng3 Qc7 17. Re2 Be6 18. Rae1 Rad8 19. Bf5 Nxf5 20. Nxf5 Qc8
21. Ng3 Bd7 22. Qa4 a6 23. Rxe8+ Rxe8 24. Rxe8+ Qxe8 25. Qd1 Qe7 26. Kf1 f6 27.
Qe2 Qxe2+ 28. Nxe2 Kf7 29. Nc1 b6 30. b4 Bf5 31. Ke2 Bc2 32. Kd2 Ba4 33. Nd3
Bb5 34. Ne1 Ke6 35. g3 g5 36. Ke3 Kf5 37. Nf3 Bf1 38. h4 Bg2 39. hxg5 hxg5 40.
Nd2 g4 41. a4 Bh3 42. Nb3 Bf1 43. a5 bxa5 44. Nxa5 Bb5 45. Nb7 Kg5 46. Nd6 Bf1
47. Nb7 Bb5 48. Nc5 Bf1 49. Nb3 Bc4 50. Na1 Bb5 51. Nc2 Bc4 52. Na3 Bb5 53. Nb1
Bc4 54. Nd2 Bb5 55. Nb3 1/2-1/2

[Event "2017 Seattle Chess Classic"]
[Site "?"]
[Date "????.??.??"]
[Round "2"]
[White "Szeto, Sophie"]
[Black "Tu, Robin"]
[Result "0-1"]
[WhiteElo "1447"]
[BlackElo "1679"]
[PlyCount "130"]
[EventDate "2017.09.06"]
[SourceDate "2017.09.06"]
[SourceVersionDate "2017.09.06"]

1. e4 d6 2. d4 Nf6 3. Nc3 g6 4. Nf3 Bg7 5. Bc4 O-O 6. O-O c6 7. Bb3 b5 8. e5
dxe5 9. Nxe5 Bb7 10. a3 Nbd7 11. f4 e6 12. Be3 Nb6 13. Qd2 Nfd5 14. Ne4 Nxe3
15. Qxe3 Nd5 16. Qf2 Nxf4 17. c3 Nd5 18. Nc5 Bxe5 19. dxe5 Qe7 20. Ne4 Kg7 21.
Nf6 h6 22. Rad1 a5 23. Rd3 Ba6 24. Rh3 Qa7 25. Bxd5 Qxf2+ 26. Rxf2 exd5 27.
Rhf3 Rad8 28. Rf4 a4 29. Rh4 Bc8 30. Rf3 Be6 31. Rg3 Rh8 32. Nh5+ Kf8 33. Nf6
Ke7 34. Rb4 Rb8 35. Rd3 g5 36. Rbd4 c5 37. Nxd5+ Bxd5 38. Rxd5 Rhd8 39. Kf2
Rxd5 40. Rxd5 Rd8 41. Rxd8 Kxd8 42. Ke3 Kd7 43. Ke4 Kc6 44. g4 Kd7 45. Kd5 c4
46. Kc5 Ke6 47. Kxb5 Kxe5 48. Kxa4 Kf4 49. Kb5 Kxg4 50. a4 f5 51. a5 f4 52. a6
f3 53. a7 f2 54. a8=Q f1=Q 55. Qc8+ Kh5 56. Qxc4 Qf4 57. Qe2+ g4 58. c4 Qf5+
59. c5 Kh4 60. Qe1+ Kg5 61. Qe3+ Kg6 62. Qe8+ Kg5 63. Kb6 Qf6+ 64. Kc7 Qf4+ 65.
Kc6 Qa4+ 0-1

[Event "2017 Seattle Chess Classic"]
[Site "?"]
[Date "????.??.??"]
[Round "3"]
[White "Orlova, Yelizaveta"]
[Black "He, Samuel"]
[Result "1/2-1/2"]
[WhiteElo "1954"]
[BlackElo "2278"]
[PlyCount "69"]
[EventDate "2017.09.06"]
[SourceDate "2017.09.06"]
[SourceVersionDate "2017.09.06"]

1. Nf3 c5 2. e3 Nc6 3. d4 cxd4 4. Nxd4 Nf6 5. Be2 e5 6. Nxc6 bxc6 7. O-O d5 8.
c4 a6 9. b3 Be6 10. Qc2 Qd7 11. Bb2 Bd6 12. Nd2 Bf5 13. Qc3 O-O 14. b4 Rfe8 15.
Rfe1 Qe7 16. c5 Bc7 17. Bf1 Reb8 18. a3 a5 19. f3 Ra7 20. e4 Be6 21. Reb1 Rab7
22. Bc1 d4 23. Qb2 Nd7 24. Qc2 axb4 25. axb4 Rxb4 26. Rxb4 Rxb4 27. Ra8+ Rb8
28. Ra7 Qd8 29. Ba3 Ra8 30. Qa4 Rxa7 31. Qxa7 Bb8 32. Qa8 Qc7 33. Bb4 Nf8 34.
Nc4 d3 35. Bxd3 1/2-1/2

[Event "2017 Seattle Chess Classic"]
[Site "?"]
[Date "????.??.??"]
[Round "3"]
[White "Lee, Megan"]
[Black "Du, Wenyang"]
[Result "1-0"]
[WhiteElo "2290"]
[BlackElo "1875"]
[PlyCount "58"]
[EventDate "2017.09.06"]
[SourceDate "2017.09.06"]
[SourceVersionDate "2017.09.06"]

1. e4 c5 2. Nc3 Nc6 3. f4 d6 4. Nf3 Nf6 5. Bc4 e6 6. O-O Be7 7. d3 O-O 8. Bb3
d5 9. e5 Nd7 10. Ne2 b5 11. c3 d4 12. Qe1 Nb6 13. cxd4 Nb4 14. Qd1 cxd4 15. Kh1
Bb7 16. Nexd4 Bc5 17. Be3 N6d5 18. Bg1 Qb6 19. a3 Na6 20. Ba2 b4 21. a4 Qd8 22.
Bc4 Nac7 23. a5 a6 24. Nc6 Bxc6 25. Bxc5 Qh4 26. Qd2 Qh3 27. Nd4 Qe3 28. Qxe3
Nxe3 29. Nxc6 Nxf1 1-0

[Event "2017 Seattle Chess Classic"]
[Site "?"]
[Date "????.??.??"]
[Round "3"]
[White "Olson, Travis"]
[Black "Vijayakumar, Advaith"]
[Result "1/2-1/2"]
[WhiteElo "1937"]
[BlackElo "1758"]
[PlyCount "62"]
[EventDate "2017.09.06"]
[SourceDate "2017.09.06"]
[SourceVersionDate "2017.09.06"]

1. d4 Nf6 2. c4 e6 3. Nc3 Bb4 4. Qc2 O-O 5. a3 Bxc3+ 6. Qxc3 d5 7. Nf3 dxc4 8.
Qxc4 b6 9. g3 Bb7 10. Bg2 Nbd7 11. O-O Rc8 12. Qa4 a6 13. b4 c5 14. bxc5 bxc5
15. Rb1 Qc7 16. Bf4 Qc6 17. Qxc6 Bxc6 18. dxc5 Nxc5 19. Bd6 Rfd8 20. Be7 Re8
21. Bxc5 Bxf3 22. Bxf3 Rxc5 23. Rb6 Ra5 24. Bc6 Rd8 25. Rfb1 Rxa3 26. Bb7 a5
27. Ra6 g6 28. Bf3 Kg7 29. Kg2 Ra4 30. Rb5 h6 31. Raxa5 Rxa5 1/2-1/2

[Event "2017 Seattle Chess Classic"]
[Site "?"]
[Date "????.??.??"]
[Round "3"]
[White "Breckenridge, Steven"]
[Black "Rupel, David"]
[Result "1-0"]
[WhiteElo "2411"]
[BlackElo "2063"]
[PlyCount "63"]
[EventDate "2017.09.06"]
[SourceDate "2017.09.06"]
[SourceVersionDate "2017.09.06"]

1. e4 c6 2. d4 d5 3. Nc3 a6 4. Nf3 Bg4 5. h3 Bxf3 6. Qxf3 e6 7. Bd3 dxe4 8.
Nxe4 Nd7 9. O-O Ngf6 10. Be3 Nxe4 11. Bxe4 Be7 12. c4 Nf6 13. Bc2 O-O 14. Rad1
Qa5 15. Bb1 Rad8 16. b3 Rd7 17. Rd3 Rfd8 18. Rfd1 Qc7 19. Bf4 Bd6 20. Bg5 Be7
21. R3d2 Nd5 22. cxd5 Bxg5 23. dxe6 fxe6 24. Re2 Rxd4 25. Rxd4 Rxd4 26. Rxe6
Qd7 27. Bxh7+ Kxh7 28. Qh5+ Kg8 29. Re8+ Qxe8 30. Qxe8+ Kh7 31. Qh5+ Bh6 32.
Qf5+ 1-0

[Event "2017 Seattle Chess Classic"]
[Site "?"]
[Date "????.??.??"]
[Round "2"]
[White "Doknjas, Joshua"]
[Black "Doknjas, Neil"]
[Result "1/2-1/2"]
[WhiteElo "2223"]
[BlackElo "1975"]
[PlyCount "131"]
[EventDate "2017.09.06"]
[SourceDate "2017.09.06"]
[SourceVersionDate "2017.09.06"]

1. e4 c5 2. Nf3 d6 3. d4 cxd4 4. Nxd4 Nf6 5. Nc3 a6 6. h3 e5 7. Nde2 h5 8. g3
Nbd7 9. a4 b6 10. Bg2 Bb7 11. Bg5 Be7 12. O-O Nc5 13. Bxf6 Bxf6 14. Nd5 Bxd5
15. Qxd5 Rc8 16. Rfd1 Ne6 17. Qd3 Be7 18. Nc3 Nc5 19. Qe2 Qd7 20. b4 Ne6 21.
Nd5 Qb7 22. c3 b5 23. axb5 Qxb5 24. Qxb5+ axb5 25. Bf1 Ng5 26. Bxb5+ Kf8 27.
Nxe7 Kxe7 28. Ra7+ Kf8 29. Rxd6 Rh6 30. Rxh6 gxh6 31. c4 Nxe4 32. Ba6 Rb8 33.
c5 Rxb4 34. c6 Rb1+ 35. Kg2 Ra1 36. Rd7 Rxa6 37. c7 Rc6 38. Rd8+ Kg7 39. c8=Q
Rxc8 40. Rxc8 f6 41. Rc6 Ng5 42. f4 Nf7 43. Rc7 Kg6 44. Kf3 exf4 45. Kxf4 Ng5
46. Rc6 Nxh3+ 47. Ke4 Ng5+ 48. Kd5 Kf5 49. Rc4 Kg6 50. Ra4 Kf5 51. Rf4+ Kg6 52.
Kd6 f5 53. Ke5 Nf7+ 54. Kd5 Ng5 55. Ke5 Nf7+ 56. Kd4 Ng5 57. Ke3 Ne4 58. Kf3
Kg5 59. Kg2 Kg6 60. Kh2 Kf6 61. Kh3 Kg5 62. Rf1 Nd6 63. Rd1 Nf7 64. Rd5 Nh8 65.
Re5 Ng6 66. Ra5 1/2-1/2

[Event "2017 Seattle Chess Classic"]
[Site "?"]
[Date "????.??.??"]
[Round "3"]
[White "Du, Shuhan"]
[Black "Ramasamy, Vikram"]
[Result "0-1"]
[WhiteElo "1875"]
[BlackElo "2139"]
[PlyCount "74"]
[EventDate "2017.09.06"]
[SourceDate "2017.09.06"]
[SourceVersionDate "2017.09.06"]

1. d4 Nf6 2. c4 c5 3. d5 b5 4. cxb5 a6 5. b6 g6 6. Nc3 d6 7. e4 Qxb6 8. Nf3 Bg7
9. Be2 O-O 10. O-O Bg4 11. Rb1 Nbd7 12. Be3 Rfb8 13. h3 Bxf3 14. Bxf3 Ne8 15.
Qd2 Qa5 16. Rfc1 Nc7 17. a3 Rb7 18. Nd1 Qxd2 19. Bxd2 Rab8 20. Bc3 Bxc3 21.
Rxc3 Nb5 22. Rb3 Nd4 23. Rxb7 Rxb7 24. Ne3 Nxf3+ 25. gxf3 Ne5 26. Kg2 Rb3 27.
h4 Kf8 28. h5 g5 29. Kg3 e6 30. Rd1 Ke7 31. Rd2 h6 32. Kg2 Nd3 33. Nc4 exd5 34.
exd5 Nf4+ 35. Kg3 Nxh5+ 36. Kh3 Rxf3+ 37. Kg4 Rf4+ 0-1

[Event "2017 Seattle Chess Classic"]
[Site "?"]
[Date "????.??.??"]
[Round "5"]
[White "Su, Ethan"]
[Black "Patton, Lorenzo"]
[Result "*"]
[WhiteElo "1400"]
[BlackElo "1487"]
[PlyCount "42"]
[SourceDate "2017.09.06"]
[SourceVersionDate "2017.09.06"]

1. e4 e6 2. d4 d5 3. Nd2 c5 4. c3 a6 5. Ngf3 Nc6 6. Be2 Qb6 7. exd5 exd5 8.
dxc5 Bxc5 9. O-O Nf6 10. Nb3 h6 11. Nxc5 Qxc5 12. Be3 Qd6 13. b4 Ne4 14. Qc2
Qc7 15. Bd3 Bf5 16. Nh4 Bh7 17. c4 Nxb4 18. Qa4+ Nc6 19. cxd5 Nc3 20. Qc4 Bxd3
21. Qxc3 Bxf1 *

[Event "2017 Seattle Chess Classic"]
[Site "?"]
[Date "????.??.??"]
[Round "5"]
[White "Sohal, Tanraj"]
[Black "Zhang, Brendan"]
[Result "1-0"]
[WhiteElo "2314"]
[BlackElo "2092"]
[PlyCount "85"]
[SourceDate "2017.09.06"]
[SourceVersionDate "2017.09.06"]

1. d4 Nf6 2. c4 e6 3. Nf3 Bb4+ 4. Nbd2 d5 5. g3 O-O 6. Bg2 b6 7. O-O Bb7 8. Qc2
Re8 9. Ne5 Nc6 10. Nxc6 Bxc6 11. Nf3 Bb7 12. Ne5 Bd6 13. Bf4 c5 14. Qd2 Qc7 15.
cxd5 exd5 16. Nd3 Ne4 17. Bxd6 Qxd6 18. Qf4 Qxf4 19. Nxf4 Rad8 20. dxc5 bxc5
21. Rac1 c4 22. e3 a5 23. Rfd1 a4 24. Rd4 f5 25. Rcd1 a3 26. bxa3 Nc3 27. Rc1
Nb5 28. Bxd5+ Bxd5 29. Rxd5 Rxd5 30. Nxd5 Re5 31. a4 Nd6 32. Nc3 Kf7 33. Nb5
Nxb5 34. axb5 Rxb5 35. Rxc4 h5 36. a4 Rb2 37. e4 Kf6 38. exf5 Kxf5 39. h4 Re2
40. Rf4+ Ke6 41. Kg2 Rc2 42. Rb4 g6 43. Kf1 1-0

[Event "2017 Seattle Chess Classic"]
[Site "?"]
[Date "????.??.??"]
[Round "2"]
[White "Toppen-Ryan, Harrison"]
[Black "Xiao, Alison"]
[Result "1/2-1/2"]
[WhiteElo "1446"]
[BlackElo "1370"]
[PlyCount "46"]
[SourceDate "2017.09.06"]
[SourceVersionDate "2017.09.06"]

1. c4 e5 2. g3 Nf6 3. Bg2 d5 4. cxd5 Nxd5 5. Nc3 Be6 6. d3 Nc6 7. Nf3 f6 8. a3
Bc5 9. Bd2 Qd7 10. Nxd5 Bxd5 11. Qc2 Bb6 12. O-O g5 13. e4 Be6 14. Be3 Nd4 15.
Bxd4 Bxd4 16. Nxd4 exd4 17. Rfe1 c6 18. Rac1 O-O 19. Qd2 Qg7 20. f4 h6 21. f5
Bf7 22. Qb4 Bh5 23. Rc4 Rac8 1/2-1/2

[Event "2017 Seattle Chess Classic"]
[Site "?"]
[Date "????.??.??"]
[Round "2"]
[White "He, Daniel"]
[Black "Zhang, Eric"]
[Result "1-0"]
[WhiteElo "2294"]
[BlackElo "2023"]
[PlyCount "79"]
[SourceDate "2017.09.06"]
[SourceVersionDate "2017.09.06"]

1. c4 e5 2. g3 Nf6 3. Bg2 d5 4. cxd5 Nxd5 5. Nc3 Be6 6. Nf3 Nc6 7. O-O Be7 8.
d4 exd4 9. Nxd4 Nxd4 10. Qxd4 Nxc3 11. bxc3 Qxd4 12. cxd4 c6 13. Rb1 O-O-O 14.
Be3 f5 15. a4 Bd5 16. Bh3 Rhf8 17. f3 g5 18. Bd2 Kc7 19. e3 h5 20. Bg2 Bf6 21.
Rb4 Rde8 22. a5 g4 23. Rfb1 c5 24. Rb5 Bxf3 25. Rxc5+ Kb8 26. Rxf5 Bxg2 27.
Kxg2 Bg7 28. Rbf1 Rxf5 29. Rxf5 b6 30. Kf2 Rf8 31. Rxf8+ Bxf8 32. axb6 axb6 33.
e4 Kc7 34. Ke3 b5 35. e5 Kc6 36. Ke4 Ba3 37. d5+ Kd7 38. e6+ Kc7 39. Bf4+ Kd8
40. d6 1-0

[Event "2017 Seattle Chess Classic"]
[Site "?"]
[Date "????.??.??"]
[Round "2"]
[White "Seshadari, Sridar"]
[Black "Olson, Travis"]
[Result "1-0"]
[WhiteElo "1677"]
[BlackElo "1937"]
[PlyCount "78"]
[SourceDate "2017.09.06"]
[SourceVersionDate "2017.09.06"]

1. d4 Nf6 2. Nf3 d5 3. g3 c6 4. Bg2 Nbd7 5. Nbd2 Nb6 6. b3 Bf5 7. Ba3 h6 8. Ne5
a5 9. f3 Qc8 10. e3 a4 11. e4 Bh3 12. Qe2 Bxg2 13. Qxg2 axb3 14. axb3 e6 15.
Nb1 c5 16. O-O cxd4 17. Qe2 Nbd7 18. Nxd7 Qxd7 19. Bxf8 Rxa1 20. Bxg7 Rg8 21.
Bxf6 Qc7 22. Bxd4 Ra5 23. b4 Ra6 24. exd5 Kd8 25. Be5 Qb6+ 26. Kh1 Qxb4 27.
dxe6 Rxe6 28. Qd3+ Ke7 29. Bc3 Qb6 30. Bd4 Qc6 31. Qa3+ Kd7 32. Qd3 Ke8 33. Nd2
Rg5 34. Ne4 Rd5 35. c3 b5 36. Rb1 Qd7 37. Qe3 Qd8 38. Qf4 f5 39. Nc5 Rc6 1-0

[Event "2017 Seattle Chess Classic"]
[Site "?"]
[Date "????.??.??"]
[Round "2"]
[White "Chen, Minda"]
[Black "Du, Shuhan"]
[Result "0-1"]
[WhiteElo "1864"]
[BlackElo "1709"]
[PlyCount "72"]
[SourceDate "2017.09.06"]
[SourceVersionDate "2017.09.06"]

1. d4 Nf6 2. c4 e6 3. Nc3 Bb4 4. Qc2 O-O 5. Nf3 c5 6. e3 b6 7. Be2 Bxc3+ 8.
bxc3 Bb7 9. O-O Nc6 10. Rb1 Na5 11. Ba3 Be4 12. Bd3 Nxc4 13. Bxc5 bxc5 14. Bxe4
Na3 15. Qb2 Nxb1 16. Bxa8 Nxc3 17. Qxc3 cxd4 18. Nxd4 Qxa8 19. Rc1 Nd5 20. Qc5
Nb6 21. Rb1 Rc8 22. Qa3 Nc4 23. Qb4 a5 24. Qe7 Qd5 25. h3 Qe4 26. Rb5 Nxe3 27.
Qg5 Nd5 28. Nf3 Qa4 29. Rb7 Qc6 30. Rb1 h6 31. Qh5 Qc7 32. Nd4 Nf6 33. Qb5 Nd5
34. Rb2 Qc1+ 35. Kh2 Qf4+ 36. g3 Qxd4 0-1